书目信息 |
| 题名: |
办公软件高级应用与多媒体实用案例
|
|
| 作者: | 叶苗群 主编 | |
| 分册: | ||
| 出版信息: | 北京 电子工业出版社 2018 |
|
| 页数: | 328页 | |
| 开本: | 26cm | |
| 丛书名: | ||
| 单 册: | ||
| 中图分类: | TP317.1 , TP37 | |
| 科图分类: | ||
| 主题词: | 办公自动化--应用软件--高等学校--教材 , 多媒体技术--高等学校--教材 | |
| 电子资源: | ||
| ISBN: | 978-7-121-35575-2 | |
| 000 | 01016nam0 2200253 450 | |
| 001 | 2370134361 | |
| 005 | 20231129192912.70 | |
| 010 | @a978-7-121-35575-2@dCNY56.00 | |
| 100 | @a20190406d2018 em y0chiy50 ea | |
| 101 | 0 | @achi |
| 102 | @aCN@b110000 | |
| 105 | @aa z 000yy | |
| 200 | 1 | @a办公软件高级应用与多媒体实用案例@Aban gong ruan jian gao ji ying yong yu duo mei ti shi yong an li@f叶苗群主编 |
| 210 | @a北京@c电子工业出版社@d2018 | |
| 215 | @a328页@c图@d26cm | |
| 300 | @a高等院校公共基础课规划教材 | |
| 330 | @a本书共分为两部分,第一部分为办公软件高级应用,包含Word高级应用、Excel高级应用、PowerPoint高级应用。第二部分为多媒体技术应用,包含多媒体技术基础、图像编辑与处理Photoshop、动画设计与制作Flash、音频编辑与处理Audition和视频编辑与集成Premiere。 | |
| 606 | 0 | @a办公自动化@x应用软件@x高等学校@j教材 |
| 606 | 0 | @a多媒体技术@x高等学校@j教材 |
| 690 | @aTP317.1@v5 | |
| 690 | @aTP37@v5 | |
| 701 | 0 | @a叶苗群@Aye miao qun@4主编 |
| 801 | 0 | @aCN@b山东中教@c20231126 |
| 905 | @aBZT@dTP317.1@e170 | |
| 办公软件高级应用与多媒体实用案例/叶苗群主编.-北京:电子工业出版社,2018 |
| 328页:图;26cm |
| 高等院校公共基础课规划教材 |
| ISBN 978-7-121-35575-2:CNY56.00 |
| 本书共分为两部分,第一部分为办公软件高级应用,包含Word高级应用、Excel高级应用、PowerPoint高级应用。第二部分为多媒体技术应用,包含多媒体技术基础、图像编辑与处理Photoshop、动画设计与制作Flash、音频编辑与处理Audition和视频编辑与集成Premiere。 |
| ● |
| 相关链接 |
|
|
|
正题名:办公软件高级应用与多媒体实用案例
索取号:TP317.1/170
 
预约/预借
| 序号 | 登录号 | 条形码 | 馆藏地/架位号 | 状态 | 备注 |
| 1 | 2001197771 | 2001197771 | 中教(第二批第二书库)/山东中教(第二批)/121/ [索取号:TP317.1/170] | 在馆 | |
| 2 | 2001197772 | 2001197772 | 中教(第二批第二书库)/山东中教(第二批)/121/ [索取号:TP317.1/170] | 在馆 | |
| 3 | 2001197773 | 2001197773 | 中教(第二批第二书库)/山东中教(第二批)/121/ [索取号:TP317.1/170] | 在馆 | |
| 4 | 2001197774 | 2001197774 | 中教(第二批第二书库)/山东中教(第二批)/121/ [索取号:TP317.1/170] | 在馆 | |
| 5 | 2001197775 | 2001197775 | 中教(第二批第二书库)/山东中教(第二批)/121/ [索取号:TP317.1/170] | 在馆 | |
| 6 | 2001197776 | 2001197776 | 中教(第二批第二书库)/山东中教(第二批)/121/ [索取号:TP317.1/170] | 在馆 | |
| 7 | 2001197777 | 2001197777 | 中教(第二批第二书库)/山东中教(第二批)/121/ [索取号:TP317.1/170] | 在馆 | |
| 8 | 2001197778 | 2001197778 | 中教(第二批第二书库)/山东中教(第二批)/121/ [索取号:TP317.1/170] | 在馆 | |
| 9 | 2001197779 | 2001197779 | 中教(第二批第二书库)/山东中教(第二批)/121/ [索取号:TP317.1/170] | 在馆 | |
| 10 | 2001197780 | 2001197780 | 中教(第二批第二书库)/山东中教(第二批)/121/ [索取号:TP317.1/170] | 在馆 | |
| 11 | 2001197781 | 2001197781 | 中教(第二批第二书库)/山东中教(第二批)/121/ [索取号:TP317.1/170] | 在馆 | |
| 12 | 2001197782 | 2001197782 | 中教(第二批第二书库)/山东中教(第二批)/121/ [索取号:TP317.1/170] | 在馆 | |
| 13 | 2001197783 | 2001197783 | 中教(第二批第二书库)/山东中教(第二批)/121/ [索取号:TP317.1/170] | 在馆 | |
| 14 | 2001197784 | 2001197784 | 中教(第二批第二书库)/山东中教(第二批)/121/ [索取号:TP317.1/170] | 在馆 | |
| 15 | 2001197785 | 2001197785 | 中教(第二批第二书库)/山东中教(第二批)/121/ [索取号:TP317.1/170] | 在馆 | |
| 16 | 2001197786 | 2001197786 | 中教(第二批第二书库)/山东中教(第二批)/121/ [索取号:TP317.1/170] | 在馆 | |
| 17 | 2001197787 | 2001197787 | 中教(第二批第二书库)/山东中教(第二批)/121/ [索取号:TP317.1/170] | 在馆 | |
| 18 | 2001197788 | 2001197788 | 中教(第二批第二书库)/山东中教(第二批)/121/ [索取号:TP317.1/170] | 在馆 | |
| 19 | 2001197789 | 2001197789 | 中教(第二批第二书库)/山东中教(第二批)/121/ [索取号:TP317.1/170] | 在馆 | |
| 20 | 2001197790 | 2001197790 | 中教(第二批第二书库)/山东中教(第二批)/121/ [索取号:TP317.1/170] | 在馆 | |
| 21 | 2001197791 | 2001197791 | 中教(第二批第二书库)/山东中教(第二批)/121/ [索取号:TP317.1/170] | 在馆 | |
| 22 | 2001197792 | 2001197792 | 中教(第二批第二书库)/山东中教(第二批)/121/ [索取号:TP317.1/170] | 在馆 | |
| 23 | 2001197793 | 2001197793 | 中教(第二批第二书库)/山东中教(第二批)/121/ [索取号:TP317.1/170] | 在馆 | |
| 24 | 2001197794 | 2001197794 | 中教(第二批第二书库)/山东中教(第二批)/121/ [索取号:TP317.1/170] | 在馆 | |
| 25 | 2001197795 | 2001197795 | 中教(第二批第二书库)/山东中教(第二批)/121/ [索取号:TP317.1/170] | 在馆 | |
| 26 | 2001197796 | 2001197796 | 中教(第二批第二书库)/山东中教(第二批)/121/ [索取号:TP317.1/170] | 在馆 | |
| 27 | 2001197797 | 2001197797 | 中教(第二批第二书库)/山东中教(第二批)/121/ [索取号:TP317.1/170] | 在馆 | |
| 28 | 2001197798 | 2001197798 | 中教(第二批第二书库)/山东中教(第二批)/121/ [索取号:TP317.1/170] | 在馆 | |
| 29 | 2001197799 | 2001197799 | 中教(第二批第二书库)/山东中教(第二批)/121/ [索取号:TP317.1/170] | 在馆 | |
| 30 | 2001197800 | 2001197800 | 中教(第二批第二书库)/山东中教(第二批)/121/ [索取号:TP317.1/170] | 在馆 |